| 000 | 00865nam a22002657i 4500 | ||
|---|---|---|---|
| 999 |
_c23243 _d23243 |
||
| 003 | AR-CdUCM | ||
| 008 | 250403b20092009 pe||||| |||| 00| 0 spa d | ||
| 020 | _a978-612-301-049-2 | ||
| 040 |
_aMUNICIPALIDAD PROVINCIAL DEL CUSCO _cBIBLIOTECA MUNICIPAL DEL CUSCO |
||
| 041 | _hspa | ||
| 082 |
_aPI / 803.08 / L84 _bL84 |
||
| 100 |
_aLoli, César _951095 |
||
| 245 |
_aTic-tac : _bcon Miss Rosi / |
||
| 260 |
_aLima : _bQ. W. Editores, _c2009 |
||
| 300 |
_a16 páginas. : _bIlustraciones, _c17x20 cm. |
||
| 440 |
_aCántame un cuento. _n2 _933194 |
||
| 650 |
_aLiteratura infantil _9588 |
||
| 650 |
_aCuento infantil _951096 |
||
| 650 |
_aPrimera infancia _924660 |
||
| 700 |
_aEstremadoyro, Rosa (Canción y letra) _951097 |
||
| 710 |
_aEditorial Septiembre. _933196 |
||
| 856 | _fwww.editorialseptiembre.com | ||
| 942 |
_2ddc _cLIBROS |
||
| 945 |
_apbjr _d03-04-2025 |
||